000
00197 a2200097 4500
001
3486
100
_a
Bolitho, H
245
_a
Angry neighbours, the
260
_a
_b
Barker
_c
090
_c
2752
_d
2752
942
_a
NUST-CAE
_c
M
_c
19469
999
_c
238559
_d
238559